Vascular plants (Record no. 32950)

MARC details
000 -LEADER
fixed length control field 00431nam a2200169Ia 4500
008 - FIXED-LENGTH DATA ELEMENTS--GENERAL INFORMATION
fixed length control field 230917s9999||||xx |||||||||||||| ||und||
020 ## - ISBN
Price RS3000
040 ## - CATALOGING SOURCE
-- 211273
Original cataloging agency VIVEKANANDA LIBRARY
041 ## - Language
-- English
082 ## - DDC NUMBER
Classification number 580 B469V
100 ## - MAIN ENTRY--PERSONAL NAME
Personal name Bhagat, D V
245 #0 - TITLE STATEMENT
Title Vascular plants
260 ## - PUBLICATION, DISTRIBUTION, ETC. (IMPRINT)
Place of publication, distribution, etc New Delhi
Name of publisher, distributor, etc Anmol Publications
Date of publication, distribution, etc 2013
300 ## - PHYSICAL DESCRIPTION
Pages viii, 280 p.
500 ## - GENERAL NOTE
General note 3633 21/10/2013 13415 29/10/2013 Main Budget
942 ## - ADDED ENTRY ELEMENTS (KOHA)
Koha item type Books
Holdings
Withdrawn status Lost status Damaged status Not for loan Location (home branch) Sublocation or collection (holding branch) Date acquired Koha issues (times borrowed) Koha full call number Accession No. Koha date last seen Koha item type
        VIVEKANANDA LIBRARY VIVEKANANDA LIBRARY 20/11/2013   580 B469V 329061 17/09/2023 Books
© Designed and Maintained by Vivekananda Library, MDU Rohtak